000 00266nam a2200121Ia 4500
100 _aWachtman/John B
942 _cBK
654 _aceramic
245 _aMechanical Properties of Ceramics
260 _bJohn Wiley & Sons
_c1996
300 _a448
546 _aENGLISH
999 _c26669
_d26669